| 000 | 00680nas a2200253 4500 | ||
|---|---|---|---|
| 001 | BR8103497 | ||
| 003 | BR-BrBNA | ||
| 005 | 20231205084758.0 | ||
| 007 | ta | ||
| 008 | 230509b bl.|||p| |||| 00| 00por d | ||
| 040 |
_aBR-BrBNA _bpor _cBiblioteca Nacional de Agricultura |
||
| 041 | _a(Pt) | ||
| 072 | _aL73 | ||
| 100 | 1 | _aSoares, M.E.G. | |
| 245 | 1 | _aComo evitar [Doenca animal; Vaca; Mamite] | |
| 650 | _aDoenca animal | ||
| 650 | _aVaca | ||
| 650 | _aMamite | ||
| 650 | _aOrdenha | ||
| 650 | _aSintoma | ||
| 773 | 0 |
_tGranja (Brazil) _xISSN 0367-505X _g(Nov 1981), v. 37(406) p. 17-22 _wBR8103497 |
|
| 909 |
_a202311 _bLúcia _c55 _dLúcia Elande |
||
| 942 |
_2AGRIS _n0 _cANA |
||
| 999 |
_c107226 _d107226 |
||